|
|
|
|
| LEADER |
00000cam a2200000 i 4500 |
| 003 |
Ucuenca |
| 005 |
20230308162845.0 |
| 006 |
a||||gr|||| 001 0 |
| 007 |
ta |
| 008 |
002112|2001 ec |||||r|||||||||||spa|| |
| 020 |
|
|
|a 0-292-70858-0
|
| 040 |
|
|
|b spa
|a UCuenca-cdrjbv
|c UCuenca
|e rda
|
| 041 |
0 |
|
|a eng
|
| 082 |
0 |
|
|2 21
|a 759
|c 118136
|
| 100 |
1 |
|
|a Barnitz, Jacqueline.
|9 37250
|e autor
|
| 245 |
0 |
|
|a Twentieth-century art of latin America /
|c Jacqueline Barnitz.
|
| 250 |
|
|
|a First edition.
|
| 264 |
|
1 |
|a Austin:
|b University of Texas,
|c 2001.
|
| 264 |
|
4 |
|c ©2001
|
| 300 |
|
|
|a 400 páginas:
|b ilu
|c 30 cm
|
| 336 |
|
|
|2 rdacontent
|a texto
|b txt
|
| 337 |
|
|
|2 rdamedia
|a no mediado
|b n
|
| 338 |
|
|
|2 rdacarrier
|a volumen
|b nc
|
| 504 |
|
|
|a incl. ref.
|
| 505 |
1 |
|
|a Modernismo and the Break with Academic Art -- The Avant-garde of the 19020s -- Social, Ideological and, Nativist art -- Torres-Garcias constructive Universalism and the abstract lagacy -- New Museums, the Sao Paulo Biennial, and Abstract art -- Functionalism, Integration of the arts, and the postwar architectural boom -- Geometric, optical, and Kinetic art form the 1905s through the 1970s -- Concrete and neoconcrete art and their offshoots in the Brazilian context -- Neofiguration, representational art, pop, and environments -- Political art -- Some trends of the 1980s -- Notes -- Timeline -- Map -- Selected bibliography -- Index.
|
| 650 |
1 |
7 |
|a Pintura moderna
|9 5271
|2 UCuenca-cdrjbv
|
| 650 |
1 |
7 |
|a Bellas artes
|9 1845
|2 UCuenca-cdrjbv
|
| 651 |
|
|
|2 UCuenca-cdrjbv
|
| 852 |
|
|
|a UC-CDJBV
|f Compra
|l 1
|m General
|p 20021120
|r 2
|t si273
|b 0
|d CDRC
|e CDRC
|g 759 ESTANTERIA CERRADA
|z 2002-21-12
|
| 942 |
|
|
|c BK
|2 ddc
|r paola.amaya@ucuenca.edu.ec
|
| 999 |
|
|
|c 19625
|d 19625
|